000 00342nam a2200133 i 4500
001 bg
100 1 _aSTOKŁOSA, J.
245 0 _aObliczenia i modele wybranych dyskretnych systemów dynamicznych /
_cJ. Stokłosa.
260 _aPoznań,
_c1984.
040 _cBPK
041 _apol
942 _cKS
008 s pl f |000 0 pol
999 _c28003
_d28003
856 _uhttp://koha.tu.koszalin.pl/cgi-bin/koha/opac-detail.pl?biblionumber=28003
_yKatalog online BPK